[Event "RN-2011-0-00437"]
[Site "LSS email"]
[Date "2012.01.03"]
[Round "?"]
[White "Bilbey, Brian"]
[Black "Bozic, Deni"]
[Result "1-0"]
[WhiteElo "848"]
[BlackElo "900"]
[PlyCount "45"]
[EventDate "2011.12.25"]
[EventType "tourn (corr)"]
[EventRounds "6"]
[EventCountry "GER"]
[SourceTitle "Telechess CBM 157"]
[Source "ChessBase"]
[SourceDate "2013.11.12"]
[SourceVersion "1"]
[SourceVersionDate "2013.11.12"]
[SourceQuality "1"]

1. Nf3 d5 2. d4 Nf6 3. c4 c6 4. Nc3 Bg4 5. e3 e6 6. Be2 Bb4 7. 0-0 0-0 8. a3 Be7 9. b4 dxc4 10. Bxc4 b5 11. Bb3 Na6 12. Re1 Nc7 13. h3 Bf5 14. Bb2 Ncd5 15. Ne5 Qc7 16. Qf3 Nxc3 17. Bxc3 Be4 18. Qe2 h6 19. Rac1 Rad8 20. Ba1 a5 21. f3 Bh7 22. Nxc6 Rd7 23. Nxe7+ 1-0

[Event "OP-2011-0-01979"]
[Site "LSS email"]
[Date "2012.01.02"]
[Round "?"]
[White "Bilbey, Brian"]
[Black "Husemann, Andreas"]
[Result "0-1"]
[WhiteElo "847"]
[BlackElo "1994"]
[PlyCount "26"]
[EventDate "2011.12.30"]
[EventType "tourn (corr)"]
[EventRounds "4"]
[EventCountry "GER"]
[SourceTitle "Corr 2015"]
[Source "ChessBase"]
[SourceDate "2015.07.17"]
[SourceVersion "1"]
[SourceVersionDate "2015.07.17"]
[SourceQuality "1"]

1. d4 Nf6 2. Nf3 d5 3. Bg5 Ne4 4. Bf4 c5 5. e3 Qb6 6. b3 Nc6 7. Bd3 cxd4 8. exd4 e5 9. Bxe5 Bb4+ 10. Nbd2 Nxe5 11. Bxe4 dxe4 12. Nxe5 Qxd4 13. Nec4 b5 0-1

[Event "LSS RF-2011-0-00101"]
[Site "LSS email"]
[Date "2012.01.02"]
[Round "?"]
[White "Bilbey, Brian"]
[Black "Van Esbroeck, Jeff"]
[Result "1-0"]
[WhiteElo "848"]
[BlackElo "943"]
[PlyCount "61"]
[EventDate "2011.11.20"]
[EventType "tourn (corr)"]
[EventRounds "6"]
[EventCountry "GER"]
[SourceTitle "Telechess CBM 157"]
[Source "ChessBase"]
[SourceDate "2013.11.12"]
[SourceVersion "1"]
[SourceVersionDate "2013.11.12"]
[SourceQuality "1"]

1. Nf3 d5 2. d4 Nc6 3. c4 e6 4. Nc3 Bb4 5. a3 Bxc3+ 6. bxc3 Nf6 7. Bg5 0-0 8. e3 h6 9. Bh4 g5 10. Bg3 Ne4 11. Qc2 f6 12. Bd3 e5 13. Bxe4 dxe4 14. Nd2 Bf5 15. Nxe4 exd4 16. cxd4 Kg7 17. 0-0 b6 18. f3 a6 19. Qa4 Bxe4 20. fxe4 Na7 21. Rad1 Qc8 22. e5 b5 23. Qb3 Qe6 24. d5 Qb6 25. exf6+ Rxf6 26. Be5 Raf8 27. Bxf6+ Rxf6 28. Qc3 bxc4 29. a4 Nc8 30. a5 Qd6 31. e4 1-0

[Event "OP-2011-0-01977"]
[Site "LSS email"]
[Date "2012.01.01"]
[Round "?"]
[White "Bilbey, Brian"]
[Black "Ermolaev, Maksim Andreevich"]
[Result "0-1"]
[WhiteElo "866"]
[BlackElo "1971"]
[PlyCount "32"]
[EventDate "2011.12.30"]
[EventType "tourn (corr)"]
[EventRounds "4"]
[EventCountry "GER"]
[SourceTitle "Corr 2015"]
[Source "ChessBase"]
[SourceDate "2015.07.17"]
[SourceVersion "1"]
[SourceVersionDate "2015.07.17"]
[SourceQuality "1"]

1. Nf3 Nf6 2. d4 d5 3. c4 e6 4. Nc3 c6 5. Bg5 h6 6. Bh4 dxc4 7. a4 b5 8. axb5 cxb5 9. Nxb5 Qb6 10. Bxf6 Qxb5 11. Be5 Bb4+ 12. Nd2 0-0 13. e3 Nc6 14. Bg3 e5 15. dxe5 Rd8 16. Be2 Rxd2 0-1